Países con más Chilenos - Estadísticas

Estadísticas generales
  • Esta prueba ha sido intentada 304 veces
  • La puntuación promedio es 13 de 15
Estadísticas de respuestas
Número de Chilenos País % Correcto
211.093 Argentina
98%
13.864 España
97%
80.805 Estados Unidos
97%
4.652 Perú
96%
19.678.310 Chile
95%
17.131 Brasil
94%
25.415 Canadá
90%
10.388 Francia
90%
6.704 Alemania
87%
23.420 Australia
81%
5.515 Reino Unido
81%
15.520 Venezuela
75%
27.345 Suecia
72%
4.702 Ecuador
69%
5.511 Noruega
61%
No se encontraron pruebas coincidentes
Distribución de puntuación
Porcentaje de gente con cada puntuación
Porcentaje por número respondido
Historial de tus puntuaciones
No has intentado esta prueba.